<?xml version="1.0" encoding="UTF-8"?>
<record
    xmlns:xsi="http://www.w3.org/2001/XMLSchema-instance"
    xsi:schemaLocation="http://www.loc.gov/MARC21/slim http://www.loc.gov/standards/marcxml/schema/MARC21slim.xsd"
    xmlns="http://www.loc.gov/MARC21/slim">

  <leader>01006naa a2200265 uc4500</leader>
  <controlfield tag="001">675125</controlfield>
  <controlfield tag="005">20240824091219.0</controlfield>
  <controlfield tag="008">010717s1997                        spa  </controlfield>
  <datafield tag="035" ind1=" " ind2=" ">
    <subfield code="a">675125</subfield>
  </datafield>
  <datafield tag="040" ind1=" " ind2=" ">
    <subfield code="c">comduadb</subfield>
  </datafield>
  <datafield tag="041" ind1=" " ind2=" ">
    <subfield code="a">spa</subfield>
  </datafield>
  <datafield tag="100" ind1="1" ind2="0">
    <subfield code="a">Trejo Escobar, Miguel A.</subfield>
    <subfield code="4">aut</subfield>
    <subfield code="e">aut</subfield>
    <subfield code="9">341102</subfield>
  </datafield>
  <datafield tag="245" ind1="1" ind2="0">
    <subfield code="a">Contraviene la ley transitoria de emergencia contra la delincuencia y el crimen organizado el regimen juridico especial del derecho de menores?</subfield>
  </datafield>
  <datafield tag="650" ind1=" " ind2="7">
    <subfield code="a">Delincuencia</subfield>
    <subfield code="2">embne</subfield>
    <subfield code="9">10712</subfield>
  </datafield>
  <datafield tag="650" ind1=" " ind2="7">
    <subfield code="a">Crimen organizado</subfield>
    <subfield code="2">lemb</subfield>
    <subfield code="9">10650</subfield>
  </datafield>
  <datafield tag="650" ind1=" " ind2=" ">
    <subfield code="a">Menores infractores</subfield>
    <subfield code="9">175206</subfield>
  </datafield>
  <datafield tag="650" ind1=" " ind2="7">
    <subfield code="a">Pol&#xED;tica criminal</subfield>
    <subfield code="2">rda</subfield>
    <subfield code="9">48706</subfield>
  </datafield>
  <datafield tag="650" ind1=" " ind2="7">
    <subfield code="a">Derecho penal</subfield>
    <subfield code="2">lemb</subfield>
    <subfield code="9">28562</subfield>
  </datafield>
  <datafield tag="650" ind1=" " ind2="7">
    <subfield code="a">Garant&#xED;as constitucionales</subfield>
    <subfield code="2">lemb</subfield>
    <subfield code="9">174975</subfield>
  </datafield>
  <datafield tag="650" ind1=" " ind2="7">
    <subfield code="a">Estado de derecho</subfield>
    <subfield code="2">lemb</subfield>
    <subfield code="9">7</subfield>
  </datafield>
  <datafield tag="650" ind1=" " ind2=" ">
    <subfield code="a">Interpretacion constitucional</subfield>
    <subfield code="9">65848</subfield>
  </datafield>
  <datafield tag="650" ind1=" " ind2=" ">
    <subfield code="a">El Salvador</subfield>
    <subfield code="9">377</subfield>
  </datafield>
  <datafield tag="773" ind1="0" ind2=" ">
    <subfield code="t">Anuario de derecho constitucional latinoamericano 1997</subfield>
    <subfield code="g">p. 261-278</subfield>
    <subfield code="w">664877</subfield>
    <subfield code="z">9589421563</subfield>
    <subfield code="w">(OCoLC)55360109</subfield>
    <subfield code="0">200665</subfield>
  </datafield>
  <datafield tag="942" ind1=" " ind2=" ">
    <subfield code="c">BKCAP</subfield>
  </datafield>
  <datafield tag="999" ind1=" " ind2=" ">
    <subfield code="c">208501</subfield>
    <subfield code="d">208501</subfield>
  </datafield>
</record>
